Responses for Show #1546 - Monday, April 29, 1991

Game entered from audiorecording.

Contestants

[<< previous game]

Kay Kipling, a journalist from Bradenton, Florida

Mike Lizanich, a distribution manager from Oakland, New Jersey

Phyllis Marks, a domestic engineer originally from Cleveland, Ohio (whose 2-day cash winnings total $12,099)

[next game >>]

Jeopardy! Round responses

HAVE A "HART"
IN THE NEWS
SEWING
SPORTS RECORDS
WORLD HISTORY
WHALES
    $100 16
David Hartman

Kay
    $100 21
Russia (Soviet Union)

Mike
    $100 1
a neckline

Mike
    $100 2
the Detroit Pistons

Mike
    $100 8
(Mike: What is a Roman emperor?)

a Pope

MikeKay
    $100 26
(Phyllis: What's a blue whale?)

a white whale

PhyllisMike
    $200 17
William S. Hart

Mike
    $200 22
Saudi Arabia

Kay
    $200 4
pinking shears (or scalloping shears)

Phyllis
    $200 3
(Mike: What is a lap?)
...
(Alex: A 4-second lap would be very fast, indeed.)

a pit stop

PhyllisMike
    $200 9
Martin Luther

Kay
    $200 27
breaching

Triple Stumper
    $300 18
Moss Hart

Kay
    $300 23
(Mike: What is Nicaragua?)
...
(Alex: And we have less than a minute to go.)

El Salvador

MikeKay
    $300 5
needles

Phyllis
    $300 13
skydiving

Triple Stumper
    $600 10
(Kay: What is Carlos?)

Ferdinand

Kay
    $300 28
[The end-of-round signal sounds.]

Humphrey

Kay
    $400 19
a hartebeest

Kay
    $400 24
birth control

Phyllis
    $400 6
zippers

Phyllis
    $400 14
George Halas

Mike
    $400 11
the Directory (le Directoire)

Triple Stumper
    $500 20
Elizabeth Hartman

Kay
    $500 25
Argentina

Mike
    $500 7
pin cushions

Kay
    $500 15
(Phyllis: What's the bicycle race? Uh, [*]?)

Tour de France

Phyllis
    $500 12
the Druids

Mike

Scores at the first commercial break (after clue 11):

Phyllis Mike Kay
$1,100 -$100 $200

Scores at the end of the Jeopardy! Round:

Phyllis Mike Kay
$1,900 $1,400 $2,300

Double Jeopardy! Round responses

FICTIONAL CHARACTERS
SAINTS
SPACE EXPLORATION
OPERA
PEOPLE
WALES
    $200 7
The Time Machine

Mike
    $200 12
lightning

Phyllis
    $200 26
the Moon

Phyllis
    $200 1
(Die) Fledermaus

Phyllis
    $200 2
Chaplin

Mike
    $200 17
a dragon

Mike
    $400 8
Ebenezer Scrooge

Mike
    $400 13
Westminster Abbey

Phyllis
    $400 27
a spacewalk

Mike
    $400 22
Lucia

Kay
    $400 3
Baryshnikov

Kay
    $400 18
Welsh rarebit

Phyllis
    $600 9
Candide

Kay
    $600 14
Stephen

Kay
    $600 28
a dog

Mike
    $600 23
(Kay: What is The Hunchback of Notre-Dame?)
...
(Alex: Kay, you gave me the name of the work instead of the name of the author.)

(Victor) Hugo

PhyllisKay
    $600 4
(Alan) Greenspan

Phyllis
    $600 19
Cardiff

Mike
    $800 10
(Phyllis: Who is King Arthur?)

A Connecticut Yankee

PhyllisKay
    $1,000 15
Salzburg

Kay
    $800 29
(Phyllis: What's a shuttle?)

Skylab

Phyllis
Triple Stumper
    $1,000 24
(Alex: Tsar Saltan was the opera. We have a minute to go, Phyllis.)

a bumblebee

Phyllis
    $800 5
Julio Iglesias

Phyllis
    $800 20
Henry VIII

Mike
    $1000 11
Taming of the Shrew

Kay
    $1000 16
(Alex: We know it as the Vulgate version of the Bible, and it was translated by [*].)

St. Jerome

Triple Stumper
    $1000 30
Magellan

Phyllis
    $1000 25
(Bedrich) Smetana

Kay
    $1000 6
Wendell Willkie

Phyllis
    $1000 21
Tintern Abbey

Kay

Scores at the end of the Double Jeopardy! Round:

Phyllis Mike Kay
$6,700 $4,800 $8,500

[wagering suggestions for these scores]

Final Jeopardy! Round responses

WORLD POPULATION
(Alex: China, of course, is the most populous country in the world right now, but they have strict birth control laws, and that's the reason for this prediction.)
MikeWhat is India?
$300
PhyllisWhat is India?
$6,700
KayWhat is India?
$5,000
India

Final scores:

Phyllis Mike Kay
$13,400 $5,100 $13,500
2nd place: trip to Las Vegas 3rd place: Sanyo stereo system + Nintendo Entertainment System New champion: $13,500

Game dynamics:

Coryat scores:

Phyllis Mike Kay
$6,500 $4,800 $8,900
17 R
(including 1 DD),
3 W
16 R,
3 W
19 R
(including 1 DD),
2 W
(including 1 DD)

Combined Coryat: $20,200

[game clues] [game scores] [suggest correction]

Game tape date: 1991-02-19
The J! Archive is created by fans, for fans. Scraping, republication, monetization, and malicious use prohibited; this site may use cookies and collect identifying information. See terms. The Jeopardy! game show and all elements thereof, including but not limited to copyright and trademark thereto, are the property of Jeopardy Productions, Inc. and are protected under law. This website is not affiliated with, sponsored by, or operated by Jeopardy Productions, Inc. Join the discussion at JBoard.tv.